000 00341nam a2200145Ia 4500
008 230711s9999||||xx |||||||||||||| ||und||
041 _aENG
082 _a624
_bTH-B
100 _aThreads
245 0 _aBeyond the pattern : great
250 _a1st . Ed.
260 _c1995
_aNewtown
_bTauntonĀ 
650 _aTextile Engineering
942 _cBK
999 _c3505
_d3505